LEADER 01077nam a2200253 i 4500 001 000000039331 003 CaOOAMICUS 005 20041210000000.0 008 041210s1985 it u000 u ita u 013 $a10066 040 $aSeMil$bita 245 10$aStagioni in Brianza /$cfotografie e testi [di] Vittorio Buratti ... [et al.] ; presentazione [di] Alberico Sala. 260 $aOggiono (LC) :$bCattaneo,$cstampa 1985. 300 $a283 p. :$briccamente ill. ;$c30 cm. 500 $aIn custodia. - In preliminari : Dedica autografa. - Fondo Card. Giovanni Colombo. 650 4$aBrianza.$0(OLS)http://semarc/subject/5843 700 1 $aSala, Alberico,$d<1923-1991>.$0(OLS)http://semarc/name/19049 700 1 $aBuratti, Vittorio.$0(OLS)http://semarc/name/5799 850 $aSeMil 852 $aSeMil$W1$xVenegono$y1$m3P VI 257$j5486$B5486$CSeMilBibl$Z2$F5486 $81 941 1 $a3 961 $aLascito: Colombo Card. Giovanni 996 $6245$aStagioni in Brianza$9(OLS)http://semarc/title/55954 996 $6260$aOggiono (LC) :$bCattaneo$9(OLS)http://semarc/publisher/33326 LEADER 01041nam a2200241 i 4500 001 000000178607 003 CaOOAMICUS 005 20090622000000.0 008 090622s2001 it u000 u ita u 013 $a156180 020 $a88-01-02337-5 040 $aSeMil$bita 110 0 $aConferenza Episcopale Italiana : Servizio nazionale per il catecumenato.$0(OLS)http://semarc/name/66352 245 10$aGuida per l'itinerario catecumenale dei ragazzi /$cServizio nazionale per il catecumenato. 260 $aLeumann (TO) :$bElle Di Ci,$c2001. 300 $a223 p. ;$c24 cm. 650 4$aCatecumenato - Catechesi.$0(OLS)http://semarc/subject/1172 850 $aSeMil 852 $aSeMil$W1$xVenegono$y1$m2C V 587$j129380$B129380$CSeMilBibl$Z2$F142570 $81 961 $aOmaggio: Giuliani don Angelo 996 $6020$a88-01-02337-5$9(OLS)http://semarc/number/167639 996 $6245$aGuida per l'itinerario catecumenale dei ragazzi$9(OLS)http://semarc/title/256537 996 $6260$aLeumann (TO) :$bElle Di Ci$9(OLS)http://semarc/publisher/29654